Mapa de África con países unidos al aleatorio - Estadísticas

Estadísticas generales
  • Esta prueba ha sido intentada 5.793 veces
  • La puntuación promedio es 10 de 12
Respuestas en el mapa
Las respuestas están codificadas por una escala verde-roja en el mapa de la prueba según el % correcto abajo.
 
Estadísticas de respuestas
País % Correcto
Países Unidos Rep. Dem. del Congo
99%
Países Unidos Argelia
97%
Países Unidos Libia
97%
Países Unidos Marruecos
97%
Países Unidos Rep. Dem. del Congo
97%
Países Unidos Sudán
97%
Países Unidos Argelia
96%
Países Unidos Argelia
96%
Países Unidos Argelia
96%
Países Unidos Egipto
96%
Países Unidos Egipto
96%
Países Unidos Marruecos
96%
Países Unidos Sudán
96%
Países Unidos Sudán
96%
Países Unidos Sudán
96%
Países Unidos Sudán
96%
Países Unidos Libia
95%
Países Unidos Rep. Dem. del Congo
95%
Países Unidos Angola
94%
Países Unidos Chad
94%
Países Unidos Etiopía
94%
Países Unidos Libia
94%
Países Unidos Libia
94%
Países Unidos Libia
94%
Países Unidos Rep. Dem. del Congo
94%
Países Unidos Sudáfrica
94%
Países Unidos Sudán
94%
Países Unidos Sudán del Sur
94%
Países Unidos Argelia
93%
Países Unidos Malí
93%
Países Unidos Malí
93%
Países Unidos Níger
93%
Países Unidos Níger
93%
Países Unidos Níger
93%
Países Unidos Níger
93%
Países Unidos Etiopía
92%
Países Unidos Malí
92%
Países Unidos Rep. Dem. del Congo
92%
Países Unidos República del Congo
92%
Países Unidos Chad
91%
Países Unidos Mauritania
91%
Países Unidos Mauritania
91%
Países Unidos República del Congo
91%
Países Unidos Somalia
91%
Países Unidos Chad
90%
Países Unidos Chad
90%
Países Unidos Etiopía
90%
Países Unidos Etiopía
90%
Países Unidos Kenia
90%
Países Unidos República Centroafricana
90%
Países Unidos República del Congo
90%
Países Unidos Angola
89%
Países Unidos Angola
89%
Países Unidos Chad
89%
Países Unidos Níger
89%
Países Unidos Rep. Dem. del Congo
89%
Países Unidos República Centroafricana
89%
Países Unidos República Centroafricana
89%
Países Unidos Sudáfrica
89%
Países Unidos Sudán
89%
Países Unidos Sudán del Sur
89%
Países Unidos Sudán del Sur
89%
Países Unidos Namibia
88%
Países Unidos Nigeria
88%
Países Unidos Senegal
88%
Países Unidos Sudáfrica
88%
Países Unidos Libia
87%
Países Unidos Malí
87%
Países Unidos Mozambique
87%
Países Unidos Namibia
87%
Países Unidos Níger
87%
Países Unidos República del Congo
87%
Países Unidos Sudán del Sur
87%
Países Unidos Zambia
87%
Países Unidos Zambia
87%
Países Unidos Malí
86%
Países Unidos Mauritania
86%
Países Unidos Mozambique
86%
Países Unidos Túnez
86%
Países Unidos Camerún
85%
Países Unidos Guinea
85%
Países Unidos Kenia
85%
Países Unidos Malí
85%
Países Unidos Mozambique
85%
Países Unidos República Centroafricana
85%
Países Unidos República Centroafricana
85%
Países Unidos Costa de Marfil
84%
Países Unidos Mauritania
84%
Países Unidos Tanzania
84%
Países Unidos Tanzania
84%
Países Unidos Zambia
84%
Países Unidos Camerún
83%
Países Unidos Etiopía
83%
Países Unidos Kenia
83%
Países Unidos Malí
83%
Países Unidos Senegal
83%
Países Unidos Senegal
83%
Países Unidos Somalia
83%
Países Unidos Botsuana
82%
Países Unidos Burkina Faso
82%
Países Unidos Camerún
82%
Países Unidos Costa de Marfil
82%
Países Unidos Eritrea
82%
Países Unidos Eritrea
82%
Países Unidos Ghana
82%
Países Unidos Guinea
82%
Países Unidos Guinea
82%
Países Unidos Namibia
82%
Países Unidos República Centroafricana
82%
Países Unidos Sudán del Sur
82%
Países Unidos Ghana
81%
Países Unidos Guinea
81%
Países Unidos Nigeria
81%
Países Unidos Zambia
81%
Países Unidos Argelia
80%
Países Unidos Costa de Marfil
80%
Países Unidos Nigeria
80%
Países Unidos Sudáfrica
80%
Países Unidos Burkina Faso
79%
Países Unidos Camerún
79%
Países Unidos Costa de Marfil
79%
Países Unidos Túnez
79%
Países Unidos Costa de Marfil
78%
Países Unidos Kenia
78%
Países Unidos Liberia
78%
Países Unidos Mozambique
78%
Países Unidos Burkina Faso
77%
Países Unidos Liberia
77%
Países Unidos Zimbabue
77%
Países Unidos Botsuana
76%
Países Unidos Burkina Faso
76%
Países Unidos Uganda
76%
Países Unidos Uganda
76%
Países Unidos Uganda
76%
Países Unidos Gabón
75%
Países Unidos Lesoto
75%
Países Unidos Benín
74%
Países Unidos Zimbabue
73%
Países Unidos Botsuana
70%
Países Unidos Guinea
70%
Países Unidos Togo
70%
Países Unidos Zimbabue
70%
Países Unidos Benín
69%
Países Unidos Liberia
66%
Países Unidos Mozambique
66%
Países Unidos Sierra Leona
66%
Países Unidos Togo
65%
Países Unidos Ghana
64%
Países Unidos Sierra Leona
63%
Países Unidos Malaui
61%
No se encontraron pruebas coincidentes
Distribución de puntuación
Porcentaje de gente con cada puntuación
Porcentaje por número respondido
Historial de tus puntuaciones
No has intentado esta prueba.